Древнеанглийский язык: руны; Коммуникативные аспекты языка и культуры; Ч. 3

Podrobná bibliografie
Parent link:Коммуникативные аспекты языка и культуры: сборник материалов XI Международной научно-практической конференции студентов и молодых ученых, г. Томск, 18-20 мая 2011 г./ Национальный исследовательский Томский политехнический университет (ТПУ) ; под ред. С. А. Песоцкой.— , 2011
Ч. 3.— 2011.— [С. 75-77]
Hlavní autor: Свинцова Е. А.
Další autoři: Лапицкая О. Р. Ольга Ромазановна (научный руководитель)
Shrnutí:Заглавие с титульного листа.
Jazyk:ruština
Vydáno: 2011
Edice:История развития языка от древности к современности
Témata:
On-line přístup:http://www.lib.tpu.ru/fulltext/c/2011/C77/V3/027.pdf
Médium: MixedMaterials Elektronický zdroj Kapitola
KOHA link:https://koha.lib.tpu.ru/cgi-bin/koha/opac-detail.pl?biblionumber=613434

MARC

LEADER 00000naa2a2200000 4500
001 613434
005 20231101132746.0
035 |a (RuTPU)RU\TPU\conf\11566 
035 |a RU\TPU\conf\11564 
090 |a 613434 
100 |a 20150717d2011 k y0rusy50 ca 
101 0 |a rus 
102 |a RU 
105 |a y z 100zy 
135 |a drgn ---uucaa 
181 0 |a i  
182 0 |a b 
200 1 |a Древнеанглийский язык: руны  |f Е. А. Свинцова  |g науч. рук. О. Р. Лапицкая 
203 |a Текст  |c электронный 
215 |a 1 файл (108 Кб) 
225 1 |a История развития языка от древности к современности 
230 |a Электронные текстовые данные (1 файл : 108 Кб) 
300 |a Заглавие с титульного листа. 
320 |a [Библиогр.: с. 77 (6 назв.)] 
337 |a Adobe Reader 
461 1 |0 (RuTPU)RU\TPU\conf\8793  |t Коммуникативные аспекты языка и культуры  |o сборник материалов XI Международной научно-практической конференции студентов и молодых ученых, г. Томск, 18-20 мая 2011 г.  |o в 3 ч.  |f Национальный исследовательский Томский политехнический университет (ТПУ) ; под ред. С. А. Песоцкой  |d 2011 
463 1 |0 (RuTPU)RU\TPU\conf\8796  |t Ч. 3  |v [С. 75-77]  |d 2011 
610 1 |a электронный ресурс 
610 1 |a труды учёных ТПУ 
610 1 |a древнеанглийский язык 
610 1 |a фонетика 
610 1 |a грамматика 
610 1 |a английский язык 
610 1 |a история 
700 1 |a Свинцова  |b Е. А. 
702 1 |a Лапицкая  |b О. Р.  |c лингвист  |c преподаватель Томского политехнического университета  |f 1979-  |g Ольга Ромазановна  |2 stltpush  |4 727 
801 1 |a RU  |b 63413507  |c 20150310 
801 2 |a RU  |b 63413507  |c 20160229  |g RCR 
856 4 |u http://www.lib.tpu.ru/fulltext/c/2011/C77/V3/027.pdf 
942 |c BK